Online Catalogue and eLibrary

Wild Girls Wicked Words (Record no. 5928)

MARC details
000 -LEADER
fixed length control field 00410nam a22001697a 4500
005 - DATE AND TIME OF LATEST TRANSACTION
control field 20241022025635.0
008 - FIXED-LENGTH DATA ELEMENTS--GENERAL INFORMATION
fixed length control field 241022b |||||||| |||| 00| 0 eng d
020 ## - INTERNATIONAL STANDARD BOOK NUMBER
ISBN 9789381969144
082 ## - DDC Classification
DDC Edition Number 22
Class No. 821
Item Number - Author Mark WIL
245 ## - TITLE STATEMENT
Title Wild Girls Wicked Words
260 ## - PUBLICATION, DISTRIBUTION, ETC.
Place of publication, distribution, etc. Banglore
Name of publisher, distributor, etc. Sangam House
Date of publication, distribution, etc. 2012
300 ## - PHYSICAL DESCRIPTION
Extent (e.g. Volumes, Pages etc.) 231 p .,
650 ## - SUBJECT ADDED ENTRY--TOPICAL TERM
Topical term or geographic name entry element Translated Short Stories
650 ## - SUBJECT ADDED ENTRY--TOPICAL TERM
Topical term or geographic name entry element novels
650 ## - SUBJECT ADDED ENTRY--TOPICAL TERM
Topical term or geographic name entry element Poetry
942 ## - Koha item type (Biblio)
Koha item type Books in Stacks (Lending)
Holdings
Lost status Damaged status Collection code Home library Current library Date acquired Full call number Accession Number Item type
    Lending WERC Library WERC Library 10/22/2024 821 WIL 6870 Books in Stacks (Lending)

© WERC Library